000 02828cam a2200649 i 4500
001 34509
003 KOSZ 005
005 20250530063543.0
008 250528s1998 pl a f 000 0 pol
015 _aUWD 1998/15580
035 _a991007436649705066
035 _a(PL-WaBN)b11929662-48omnis_nlop
035 _ab11929662
035 _a(OCoLC)835887149
035 _aaa98020466
035 _azz2005941903
035 _a(PL)b0000001192966
035 _a(EXLNZ-48OMNIS_NETWORK)9910153065705606
040 _aWA N
_cWA N
_dKOSZ 005/RW
041 0 _apol
_beng
046 _k1998
080 _a621.9-52
080 _a519.86/.87
100 1 _aCichosz, Piotr
_d(1948- )
_eAutor
245 1 0 _aEfektywność kształtowania skrawaniem przedmiotów osiowosymetrycznych w zintegrowanym wytwarzaniu /
_cPiotr Cichosz.
246 1 3 _aEffectiveness of the cutting-forming of axially symmetric workpieces in integrated manufacturing
260 _aWrocław :
_bOficyna Wydawnicza Politechniki Wrocławskiej,
_c1998.
300 _a200 stron :
_bfotografie, rysunki, wykresy ;
_c24 cm.
336 _aTekst
_btxt
_2rdacontent
337 _aBez urządzenia pośredniczącego
_bn
_2rdamedia
338 _aWolumin
_bnc
_2rdacarrier
380 _aKsiążki
380 _aPublikacje naukowe
388 1 _a1901-2000
388 1 _a1989-2000
490 1 _aPrace Naukowe Instytutu Technologii Maszyn i Automatyzacji Politechniki Wrocławskiej. Monografie =
_aScientific Papers of the Institute of Mechanical Engineering and Automation of the Wrocław University of Technology. Monographs,
_x0867-5325 ;
_v21
500 _aTytuł równoległy : Effectiveness of the cutting-forming of axially symmetric workpieces in integrated manufacturing. - Numeracja serii gł.: 70
504 _aBibliografia na stronach [180]-194.
546 _aStreszczenie w języku angielskim.
650 7 _aEkonomika
_2DBN
650 7 _aModele matematyczne
_2DBN
650 7 _aObrabiarka sterowana numerycznie
_2DBN
650 7 _aObsługa i eksploatacja
_2DBN
650 7 _aOptymalizacja
_2DBN
650 7 _aSkrawanie
_2DBN
650 7 _aTechnologia
_2DBN
650 7 _aZastosowanie i wykorzystanie
_2DBN
655 7 _aMonografia
658 _aInżynieria i technika
658 _aMatematyka
710 2 _aOficyna Wydawnicza Politechniki Wrocławskiej
_4pbl
830 0 _aPrace Naukowe Instytutu Technologii Maszyn i Automatyzacji Politechniki Wrocławskiej
_v70
830 0 _aPrace Naukowe Instytutu Technologii Maszyn i Automatyzacji Politechniki Wrocławskiej.
_pMonografie
_v21
856 _uhttps://koha.tu.koszalin.pl/cgi-bin/koha/opac-detail.pl?biblionumber=34509
_yKatalog online BPK
942 _2UKD
_cKS
999 _c34509
_d34509